[Event "Monarch Assurance 8th"]
[Site "Port Erin"]
[Date "1999.11.06"]
[Round "1"]
[White "Player, Edmund C"]
[Black "Nieminen, Kari"]
[Result "0-1"]
[WhiteElo "2105"]
[BlackElo "2230"]

1.e4 c5 2.Nc3 Nc6 3.Bb5 g6 4.Bxc6 bxc6 5.d3 Bg7 6.f4 d6 7.Nf3 e6 8.Qe2 Ne7
9.e5 O-O 10.O-O Nf5 11.Qf2 Nd4 12.Nxd4 cxd4 13.Ne4 d5 14.Nc5 f6 15.Qxd4 fxe5
16.fxe5 Rxf1+ 17.Kxf1 Rb8 18.Bd2 Rb5 19.a4 Qf8+ 20.Ke2 Qxc5 21.Qxc5 Rxc5
22.c3 d4 23.cxd4 Rd5 24.Bc3 a5 25.Ra3 Bd7 26.Rb3 c5 27.Rb8+ Kf7 28.dxc5 Bxe5
29.Rb7 Ke8 30.Bxa5 Rxc5 31.b4 Rc2+ 32.Ke3 Rxg2 33.b5 Ra2 34.Ke4 Bxh2 35.Ra7 Rxa4+
36.d4 Bxb5 37.Rxh7 Rxa5 38.Rxh2 Bc6+ 39.Kf4 Rf5+ 40.Kg4 Kf7 41.Rh7+ Kf6 42.Rc7 Bd5
43.Rc8 Rg5+ 44.Kf4 Rg1 45.Rf8+ Ke7 46.Rg8 Kf7 47.Rc8 g5+  0-1

[Event "Chigorin mem"]
[Site "St Petersburg"]
[Date "1999.11.06"]
[Round "5"]
[White "Sorokina, Anastasia"]
[Black "Medvedkov, Anton"]
[Result "1-0"]
[WhiteElo "2162"]
[BlackElo "2188"]

1.e4 c5 2.Nf3 Nc6 3.Nc3 Nf6 4.d4 cxd4 5.Nxd4 e5 6.Ndb5 d6 7.Nd5 Nxd5 8.exd5 Nb8
9.c4 Be7 10.Be2 a6 11.Nc3 O-O 12.O-O f5 13.f4 Bf6 14.Kh1 Nd7 15.Qc2 exf4
16.Bxf4 Ne5 17.Rac1 Bd7 18.b4 Rc8 19.Nb1 g5 20.Bxe5 Bxe5 21.Bd3 Qf6 22.Nd2 Qh6
23.Nf3 Bf4 24.Rce1 g4 25.g3 Bxg3 26.Re7 Rc7 27.Nd4 Ba4 28.Qg2 Rxe7 29.Nxf5 Rxf5
30.Bxf5 Be5 31.Bxg4 Kh8 32.Be6 Qg7 33.Qf3 Bc2 34.c5 h6 35.Rg1 Qf6 36.Qg2 Rg7  1-0

[Event "Chigorin mem"]
[Site "St Petersburg"]
[Date "1999.11.07"]
[Round "6"]
[White "Kashtanov, Ruslan"]
[Black "Krasnov, Vasiliy G"]
[Result "1-0"]
[WhiteElo "2341"]
[BlackElo "2279"]

1.e4 c5 2.Nc3 Nc6 3.Nge2 d6 4.d4 cxd4 5.Nxd4 Nf6 6.Bc4 Bd7 7.O-O g6 8.Nxc6 bxc6
9.f4 Qb6+ 10.Kh1 Ng4 11.Qe2 Bg7 12.h3 h5 13.Bd2 a5 14.a3 e6 15.Na4 Qa7 16.g3 Nh6
17.f5 Ng8 18.Bg5 gxf5 19.exf5 d5 20.Bd3 Qd4 21.Rae1 e5 22.f6 Bh6 23.Rf4 Qa7
24.Qxe5+ Kd8 25.h4 Bf8 26.Bf5 Qb8 27.Qe3 Ra6 28.Nc5 Bxc5 29.Qxc5 Bxf5 30.Qf8+ Kc7
31.Qxb8+ Kxb8 32.Rxf5 Rb6 33.Re8+ Kb7 34.b3 a4 35.b4 Ka6 36.Rfe5 Kb5 37.Rf8 Kc4
38.Ree8 Kc3 39.Rxf7 Kxc2 40.Rg7 Nxf6 41.Rxh8 Ne4 42.Ra7 Kb3 43.Rha8 Nc3 44.Bf6 Nb5
45.Rxa4 Rb7 46.R4a6 d4 47.Rd8  1-0

[Event "Monarch Assurance 8th"]
[Site "Port Erin"]
[Date "1999.11.08"]
[Round "3"]
[White "McLean, John"]
[Black "Ward, Christopher"]
[Result "0-1"]
[WhiteElo "2135"]
[BlackElo "2473"]

1.e4 c5 2.Nc3 Nc6 3.Bb5 Nd4 4.Nf3 Nxb5 5.Nxb5 a6 6.Nc3 b5 7.d4 cxd4 8.Qxd4 e6
9.O-O Bb7 10.Re1 Rc8 11.a3 Nf6 12.Bg5 d6 13.Rad1 Be7 14.e5 dxe5 15.Qh4 Qc7
16.Nxe5 O-O 17.Nd7 Nxd7 18.Bxe7 Rfe8 19.Bg5 f6 20.Bf4 e5 21.Qg4 Nf8 22.Bh6 Rcd8
23.h4 Qf7 24.Be3 f5 25.Qh3 Ne6 26.Rxd8 Rxd8 27.Bc1 e4 28.Ne2 f4 29.g3 f3
30.Nf4 Nd4 31.Qf1 Qd7  0-1

[Event "Monarch Assurance 8th"]
[Site "Port Erin"]
[Date "1999.11.08"]
[Round "3"]
[White "Player, Edmund C"]
[Black "Daly, Colm"]
[Result "0-1"]
[WhiteElo "2105"]
[BlackElo "2378"]

1.e4 c5 2.Nc3 Nc6 3.Bb5 e6 4.Bxc6 bxc6 5.d3 Ne7 6.f4 d6 7.Nf3 Ng6 8.O-O Be7
9.Qe2 O-O 10.e5 d5 11.Na4 c4 12.dxc4 Ba6 13.b3 dxc4 14.Nb2 Qb6+ 15.Be3 Bc5
16.Bxc5 Qxc5+ 17.Qf2 Qxf2+ 18.Rxf2 Nxf4 19.Nxc4 Bxc4 20.bxc4 Rab8 21.Nd4 Ng6
22.Nxc6 Rbc8 23.Nxa7 Rxc4 24.a4 Ra8 25.Nb5 Rcxa4 26.Rxa4 Rxa4 27.Re2 h6 28.g3 Rc4
29.Kf2 Rc5 30.Nd4 Nxe5 31.Ke3 g5 32.Kd2 Kg7 33.Nb3 Rd5+ 34.Kc3 Kg6 35.Kb4 Nc6+
36.Ka4 Kf6 37.c4 Re5 38.Rb2 Ke7 39.c5 Kd7 40.Kb5 Kc7 41.Nc1 f5 42.Ra2 Re4
43.Nd3 Re3 44.Ra6 Rxd3 45.Rxc6+ Kd7 46.Ra6 Rb3+ 47.Kc4 Rb2 48.Ra7+ Kd8 49.Kd4 Re2
50.Rh7 Re4+ 51.Kd3 g4 52.Kc3 h5 53.Kd3 Kc8 54.Kc3 Re2 55.Kd4 Re4+ 56.Kd3 Kd8
57.Rg7 Ra4 58.Rf7 h4 59.gxh4 Ra2 60.Rh7 Rxh2 61.h5 g3 62.h6 Rh4 63.Rg7 Rxh6
64.Rxg3 Kd7 65.Re3 Rh4 66.Re5 Ke7 67.Re1 Kf6 68.Re2 e5 69.Rc2 Rd4+ 70.Ke3 Rd7
71.Rb2 f4+ 72.Kf3 Kf5 73.Ke2 Rc7 74.Rb5 Ke4 75.Ra5  0-1

[Event "Monarch Assurance 8th"]
[Site "Port Erin"]
[Date "1999.11.08"]
[Round "3"]
[White "Longson, Alex"]
[Black "Rowson, Jonathan"]
[Result "0-1"]
[WhiteElo "2169"]
[BlackElo "2490"]

1.e4 c5 2.Nc3 Nc6 3.Bb5 Nd4 4.Bc4 e6 5.Nf3 Nf6 6.O-O b5 7.Nxb5 Nxb5 8.Bxb5 Nxe4
9.d4 Qb6 10.Qd3 Nd6 11.dxc5 Qxb5 12.cxd6 Qxd3 13.cxd3 Bxd6 14.Be3 Ba6 15.Rfd1 Ke7
16.a3 Rhc8 17.Rd2 Rc7 18.Bd4 Bf4 19.Be3 Bd6 20.Bd4 f6 21.Bc3 Bf4 22.Rdd1 Kf7
23.Bb4 Rac8 24.g3 Bh6 25.Bc3 e5 26.Nh4 g6 27.d4 e4 28.Ng2 f5 29.Ne3 Ke6 30.Ba5 Rc6
31.Bb4 Be2 32.Re1 Bxe3 33.fxe3 Rc2 34.b3 Bf3  0-1

[Event "Chigorin mem"]
[Site "St Petersburg"]
[Date "1999.11.08"]
[Round "7"]
[White "Melnikov, Dmitry"]
[Black "Dubinka, Inna"]
[Result "0-1"]
[WhiteElo "2153"]
[BlackElo "2295"]

1.e4 c5 2.Nf3 Nc6 3.Nc3 a6 4.d4 cxd4 5.Nxd4 e5 6.Nf5 d6 7.Bc4 g6 8.Ne3 Nf6
9.Ned5 Nxd5 10.Nxd5 Be6 11.O-O Bg7 12.Be3 O-O 13.Qd2 Kh8 14.Rad1 Rc8 15.Bb3 Nd4
16.c3 Nxb3 17.axb3 f6 18.c4 Rf7 19.f3 Bf8 20.Ra1 f5 21.Qd3 f4 22.Bb6 Qd7
23.Rfc1 Qc6 24.Bf2 g5 25.Rc3 g4 26.fxg4 Bxg4 27.b4 Qe8 28.b5 axb5 29.cxb5 Rxc3
30.bxc3 Be6 31.c4 Rg7 32.b6 Qg6 33.g3 Qh5 34.Ra8 Rf7 35.Kg2 Qh3+ 36.Kg1 Kg8
37.Nc7 fxg3 38.Bxg3 Bg4 39.Ra1 Bf3 40.Qd2 Bxe4 41.Nd5 Bh6 42.Qe2 Qf5 43.Ra8+ Kg7
44.Re8 Qh3 45.Rd8 Bxd5 46.Bxe5+ Kg6 47.Rxd6+ Be6 48.Qc2+ Kh5 49.Qe2+ Bg4
50.Rxh6+ Kxh6 51.Qd2+ Kh5  0-1

[Event "ESP-chT Div 1"]
[Site "Cala Galdana"]
[Date "1999.11.09"]
[Round "2"]
[White "Moreno, Javier"]
[Black "San Segundo, Pablo"]
[Result "1-0"]
[WhiteElo "2474"]
[BlackElo "2510"]

1.e4 c5 2.Nf3 Nc6 3.Nc3 g6 4.d4 cxd4 5.Nxd4 Bg7 6.Be3 Nf6 7.Bc4 O-O 8.Bb3 a5
9.O-O a4 10.Nxa4 Nxe4 11.Nb5 d6 12.Bb6 Qd7 13.Re1 Qf5 14.Nc7 Rxa4 15.Bxa4 Bxb2
16.Nd5 e6 17.f3 exd5 18.fxe4 dxe4 19.Rb1 Be5 20.c4 Qg5 21.Rb3 Bg4 22.Qc1 Bf4
23.Be3 Bf3 24.Rb2 Bxh2+ 25.Kxh2 Qh4+ 26.Kg1 Ne5 27.Bf2 Qg4 28.Bd4 Nd3 29.Qh6 f6
30.c5 d5 31.Bb3 e3 32.Bc3 Nxb2 33.Qh2 Nc4 34.Bxc4 dxc4 35.Rxe3 Bc6 36.Re1 Rf7
37.Rf1 Kg7 38.Rf2 h5 39.Qd6 Kh7 40.Bxf6 Rd7 41.Qf8 g5 42.Qh8+ Kg6 43.Qg8+  1-0

[Event "ch-NED (women)"]
[Site "Rotterdam NED"]
[Date "1999.11.09"]
[Round "2"]
[White "De Mie,M"]
[Black "Bosboom Lanchava,T"]
[Result "1-0"]
[WhiteElo "2171"]
[BlackElo "2297"]

1.e4 c5 2.Nf3 Nc6 3.Nc3 g6 4.d4 cxd4 5.Nxd4 Bg7 6.Be3 Nf6 7.Bc4 O-O 8.Bb3 d6
9.h3 Bd7 10.O-O Nxd4 11.Bxd4 b5 12.Re1 e5 13.Be3 a5 14.a4 b4 15.Nb5 Bc6 16.Bg5 Bxb5
17.axb5 Qb6 18.Qf3 Qd8 19.Red1 h6 20.Be3 Qe7 21.Rd3 Kh7 22.Qd1 Qb7 23.Rxd6 Qxb5
24.Ba4 Qb8 25.Rb6 Qc7 26.Rc6 Qb7 27.Qf3 Ra6 28.Rxa6 Qxa6 29.Rd1 Rc8 30.g4 Qb7
31.Rd6 Nxe4 32.Rd7 Qa8 33.Qxf7 Rg8 34.Bb3 Nf6 35.Qxf6 Kh8 36.Qxg6 Qc8 37.Rxg7 Rxg7
38.Qxh6+ Rh7 39.Qf6+ Rg7 40.Bh6  1-0

[Event "Monarch Assurance 8th"]
[Site "Port Erin"]
[Date "1999.11.10"]
[Round "5"]
[White "Coleman, David"]
[Black "Paschall, William M"]
[Result "0-1"]
[WhiteElo "2240"]
[BlackElo "2332"]

1.e4 c5 2.Nc3 Nc6 3.Nf3 d6 4.d4 cxd4 5.Nxd4 Nf6 6.Bc4 e6 7.Be3 a6 8.Qe2 Qc7
9.O-O-O Na5 10.Bd3 b5 11.f3 b4 12.Nb1 Bb7 13.Nd2 d5 14.Bf2 Bd6 15.Rhe1 Bxh2
16.e5 Nh5 17.Rh1 Nf4 18.Qf1 Nxd3+ 19.Qxd3 Bxe5 20.Rxh7 Rxh7 21.Qxh7 O-O-O
22.Kb1 g6 23.Qh1 Kb8 24.Qe1 Bd6 25.Qe3 e5 26.N4b3 d4 27.Qd3 Rc8 28.Nxa5 Qxa5
29.Bg3 Bd5 30.Nb3 Qc7 31.Rc1 Bc4 32.Qd1 f5 33.Nd2 Bd5 34.Qe2 Kb7 35.b3 Re8
36.Nf1 Qc6 37.Qd2 a5 38.Qg5 Bc7 39.Qd2 Qc3 40.Qg5 Re6 41.Be1 Qc5 42.Qd2 Rc6
43.Bf2 a4 44.Be1 axb3 45.axb3 Bd6 46.Rd1 Qa5 47.Qd3 Ra6 48.Kc1 e4 49.fxe4 Bf4+  0-1

[Event "Chigorin mem"]
[Site "St Petersburg"]
[Date "1999.11.10"]
[Round "9"]
[White "Najer, Evgeniy"]
[Black "Kovalevskaya, Ekaterina"]
[Result "1-0"]
[WhiteElo "2562"]
[BlackElo "2497"]

1.e4 c5 2.Nc3 Nc6 3.Bb5 Nd4 4.Bc4 e6 5.Nf3 Ne7 6.Nxd4 cxd4 7.Ne2 Nc6 8.O-O Be7
9.d3 O-O 10.Bb3 b5 11.f4 Na5 12.Kh1 d5 13.e5 Nc6 14.Bd2 f6 15.exf6 Bxf6 16.f5 e5
17.c3 a5 18.a3 Ne7 19.g4 dxc3 20.Nxc3 h6 21.Ne4 Kh7 22.Nxf6+ gxf6 23.Rf3 Ng8
24.Rh3 Qd7 25.Rc1 Bb7 26.Bxh6 Nxh6 27.Qd2 Kg8 28.Qxh6  1-0

[Event "ESP-chT Div 1"]
[Site "Cala Galdana"]
[Date "1999.11.11"]
[Round "4"]
[White "Armengol Comas, Joaquim"]
[Black "Joanpera Morales, Antonio"]
[Result "0-1"]
[WhiteElo "2140"]
[BlackElo "2370"]

1.e4 c5 2.Nc3 Nc6 3.Nge2 d6 4.d4 cxd4 5.Nxd4 Nf6 6.Be2 e5 7.Nb3 Be7 8.O-O O-O
9.Kh1 a5 10.a4 Nb4 11.f4 Be6 12.f5 Bd7 13.Bg5 Bc6 14.Bf3 h6 15.Bh4 Nh7 16.Bxe7 Qxe7
17.Nd5 Nxd5 18.exd5 Bd7 19.Be4 b5 20.axb5 Bxb5 21.Bd3 Bxd3 22.Qxd3 a4 23.Nd2 Nf6
24.Ne4 Rfb8 25.b3 Nxe4 26.Qxe4 axb3 27.cxb3 Rxa1 28.Rxa1 Qb7 29.Rb1 Qb4 30.Qxb4 Rxb4
31.Kg1 Kf8 32.Kf2 Ke7 33.Ke3 Kd7 34.Kd3 Rd4+ 35.Kc3 Rxd5 36.b4 Kc6 37.f6 g6
38.Ra1 Kb7 39.Kc4 Rd4+ 40.Kb5 Rf4  0-1

[Event "Monarch Assurance 8th"]
[Site "Port Erin"]
[Date "1999.11.12"]
[Round "7"]
[White "McLean, John"]
[Black "Daly, Colm"]
[Result "0-1"]
[WhiteElo "2135"]
[BlackElo "2378"]

1.e4 c5 2.Nc3 Nc6 3.Bb5 Nd4 4.Nf3 Nxb5 5.Nxb5 a6 6.Nc3 d6 7.d4 cxd4 8.Qxd4 e5
9.Qd3 h6 10.O-O Nf6 11.h3 Be6 12.a4 Rc8 13.Rd1 Be7 14.Be3 Qa5 15.Nd2 O-O
16.f4 exf4 17.Bxf4 Qb6+ 18.Be3 Qc7 19.a5 Nd7 20.Nd5 Bxd5 21.Qxd5 Nf6 22.Qf5 Qxc2
23.Rac1 Qa4 24.b3 Qd7 25.Qxd7 Nxd7 26.Nc4 Nf6 27.Rd4 Rfe8 28.Rf1 Bf8 29.Nxd6 Bxd6
30.Rxd6 Nxe4 31.Rb6 Re7 32.Bf4 f6 33.Rd1 g5 34.Be3 h5 35.b4 h4 36.Bc5 Rf7
37.Rd5 Re8 38.Bf2 Kg7 39.b5 Rc8 40.Be3 Nc3  0-1

[Event "ch-ESP (team) Div 2"]
[Site "Cala Galdana ESP"]
[Date "1999.11.13"]
[Round "6"]
[White "Alvarez Ibarra,R"]
[Black "Cano Sanchez,J"]
[Result "1/2-1/2"]
[WhiteElo "2401"]
[BlackElo "2277"]

1.e4 c5 2.Nc3 Nc6 3.Nge2 g6 4.d4 cxd4 5.Nxd4 Bg7 6.Be3 Nf6 7.Bc4 O-O 8.Bb3 d6
9.h3 Qa5 10.O-O Bd7 11.f4 Rfe8 12.Nf3 Rad8 13.Qd3 Bc8 14.Rad1 e6 15.Bc1  1/2-1/2

[Event "Monarch Assurance 8th"]
[Site "Port Erin"]
[Date "1999.11.13"]
[Round "8"]
[White "Nieminen, Kari"]
[Black "McLean, John"]
[Result "1-0"]
[WhiteElo "2230"]
[BlackElo "2135"]

1.e4 c5 2.Nc3 Nc6 3.Nf3 g6 4.Bb5 Nd4 5.Ba4 Bg7 6.O-O Nh6 7.Nxd4 cxd4 8.Ne2 O-O
9.d3 d5 10.Nxd4 Bg4 11.Qd2 e5 12.Nf3 Bxf3 13.gxf3 Kh8 14.Qg5 f6 15.Qh4 Nf7
16.Bb3 Ng5 17.Qg4 d4 18.f4 Nf7 19.f3 f5 20.Qh3 exf4 21.Bxf4 Qf6 22.Kh1 g5
23.Bd2 f4 24.Bb4 Rfe8 25.Qh5 Ne5 26.Rg1 Nc6 27.Bd2 Re5 28.Rg4 Qg6 29.Qxg6 hxg6
30.Rag1 Bf6 31.h4 Kg7 32.hxg5 Bxg5 33.R1g2  1-0

[Event "Monarch Assurance 8th"]
[Site "Port Erin"]
[Date "1999.11.13"]
[Round "8"]
[White "Maki Uuro, Miikka"]
[Black "Hunt, Adam"]
[Result "1-0"]
[WhiteElo "2363"]
[BlackElo "2288"]

1.e4 c5 2.Nc3 Nc6 3.Nf3 e5 4.Bc4 Be7 5.d3 Nf6 6.Nd2 d6 7.Nf1 O-O 8.Ne3 Nd4
9.O-O Rb8 10.a4 Be6 11.Ncd5 Re8 12.c3 Nc6 13.Qf3 a6 14.Nf5 Bxf5 15.exf5 Qd7
16.Bd2 Nxd5 17.Bxd5 Bf6 18.g4 h6 19.Kh1 Ne7 20.Rfe1 Nxd5 21.Qxd5 Qc6 22.c4 Qxd5+
23.cxd5 Rec8 24.Re4 b5 25.axb5 axb5 26.Ra6 Ra8 27.Rxd6 Rd8 28.Rb6 b4 29.d6 Ra2
30.Be3 Rxb2 31.Bxc5 b3 32.Reb4 Rc8 33.Be3 Rc3 34.d7 Rxd3 35.Rxf6  1-0

[Event "ch-ESP (team) Div 2"]
[Site "Cala Galdana ESP"]
[Date "1999.11.14"]
[Round "7"]
[White "Pareja,J"]
[Black "Garcia Garcia,J"]
[Result "1-0"]
[WhiteElo "2140"]
[BlackElo "2233"]

1.e4 c5 2.Nf3 Nc6 3.Nc3 d6 4.d4 cxd4 5.Nxd4 Nf6 6.Be2 e5 7.Ndb5 a6 8.Na3 b5
9.Nd5 Nxd5 10.exd5 Na5 11.O-O Be7 12.b4 Nb7 13.c4 bxc4 14.Nxc4 f5 15.f4 e4
16.Be3 O-O 17.Nb6 Rb8 18.Bxa6 Bd7 19.a4 Qe8 20.Nxd7 Qxd7 21.Bb5 Qd8 22.Rc1 Rf7
23.Qe2 Bf6 24.Rc6  1-0

[Event "ch-NED (women)"]
[Site "Rotterdam NED"]
[Date "1999.11.14"]
[Round "6"]
[White "De Mie,M"]
[Black "Bos Swiecik,I"]
[Result "1/2-1/2"]
[WhiteElo "2171"]
[BlackElo "2165"]

1.e4 c5 2.Nf3 Nc6 3.Nc3 Nd4 4.Bc4 e6 5.O-O Ne7 6.Nxd4 cxd4 7.Ne2 Nc6 8.f4 Bc5
9.Kh1 O-O 10.a3 a5 11.Ng1 Ne7 12.Bd3 b6 13.b3 Bb7 14.Bb2 f5 15.Qe2 fxe4 16.Bxe4 Nd5
17.Nh3 Qh4  1/2-1/2

[Event "FSIM November"]
[Site "Budapest HUN"]
[Date "1999.11.17"]
[Round "12"]
[White "Dembo,Y"]
[Black "Keatinge Clay,A"]
[Result "1/2-1/2"]
[WhiteElo "2244"]
[BlackElo "2278"]

1.e4 c5 2.Nf3 Nc6 3.Nc3 Nf6 4.d4 cxd4 5.Nxd4 e5 6.Ndb5 d6 7.Bg5 a6 8.Na3 b5
9.Nd5 Be7 10.Bxf6 Bxf6 11.c3 O-O 12.Nc2 Rb8 13.h4 g6 14.Nxf6+ Qxf6 15.Ne3 Ne7
16.g3 Bb7 17.Bg2 Qe6 18.h5 Rbd8 19.hxg6 hxg6 20.Qd2 Kg7 21.Nd5 Rh8 22.Nxe7 Rxh1+
23.Bxh1 Qxe7 24.O-O-O Qe6 25.b3  1/2-1/2

[Event "Masters"]
[Site "Kilkenny IRL"]
[Date "1999.11.27"]
[Round "3"]
[White "Heidenfeld,M"]
[Black "Turner,M"]
[Result "0-1"]
[WhiteElo "2368"]
[BlackElo "2478"]

1.e4 c5 2.Nf3 Nc6 3.Nc3 g6 4.d4 cxd4 5.Nxd4 Bg7 6.Be3 Nf6 7.Be2 O-O 8.O-O d5
9.exd5 Nb4 10.d6 Qxd6 11.Ncb5 Qb8 12.c4 a6 13.Nc3 e5 14.Nc2 Nxc2 15.Qxc2 Be6
16.h3 Rc8 17.b3 b5 18.Bf3 bxc4 19.Bxa8 cxb3 20.axb3 Qxa8 21.Rfc1 Nd5 22.Qd2 Nf4
23.Bxf4 exf4 24.Qd3 Qb8 25.Nd5 Bxd5 26.Qxd5 Bxa1 27.Rxa1 Qb5 28.Qf3 g5 29.Rd1 h6
30.h4 Kg7 31.hxg5 hxg5 32.Qe4 Re8 33.Qd4+ Kg6 34.Qd3+ Qxd3 35.Rxd3 Re1+ 36.Kh2 Re6
37.f3 Rb6 38.Kg1 f6 39.Kf2 Kf5 40.Rd5+ Ke6 41.Ra5 Kd7 42.g3 fxg3+ 43.Kxg3 Kc7
44.Rf5 Kd7 45.Rd5+ Ke6 46.Rd3 Ke5 47.Kf2 Rd6 48.Rc3 Kd4 49.Rc4+ Kd3 50.Rb4 Rc6
51.Kg3 f5 52.Rb8 Rc2 53.b4 f4+ 54.Kg4 Rg2+ 55.Kf5 Ke3 56.Ra8 Kxf3 57.Rxa6 Kg3
58.Kxg5 f3 59.b5 Rb2  0-1

[Event "Eu Team Ch (women)"]
[Site "Batumi GEO"]
[Date "1999.11.29"]
[Round "1"]
[White "De Mie,M"]
[Black "Cosma,E"]
[Result "0-1"]
[WhiteElo "2171"]
[BlackElo "2388"]

1.e4 c5 2.Nf3 Nc6 3.Nc3 e5 4.Bc4 Be7 5.d3 d6 6.Nd2 Nf6 7.Nf1 Be6 8.Ne3 Qd7
9.O-O O-O 10.a3 Kh8 11.Ncd5 Ng8 12.Bd2 Bg5 13.Bc3 Nce7 14.a4 f5 15.exf5 Nxf5
16.Nxf5 Rxf5 17.Qe2 Raf8 18.b3 Qf7 19.Ne3 Bxe3 20.fxe3 Rxf1+ 21.Rxf1 Qxf1+
22.Qxf1 Rxf1+ 23.Kxf1 d5 24.Bb5 a6 25.Bxa6 bxa6 26.Bxe5 Nf6 27.Bd6 c4 28.bxc4 dxc4
29.Ke2 Kg8 30.Kd2 Kf7 31.Kc3 cxd3 32.cxd3 Bd7 33.Kb4 Nd5+ 34.Ka5 Nxe3 35.Kxa6 Bxa4
36.g3 Nf5 37.Be5 g6 38.Ka5 Bc2 39.Kb4 Bxd3 40.Kc3 Ba6 41.Bf4 Ke6 42.Kd2 Kd5
43.Ke1 Ke4 44.Kf2 Ne7 45.h4 Nd5 46.Bd6 Kf5 47.Bb8 Nf6 48.Kg2 Bb7+ 49.Kh2 Ng4+
50.Kg1 Ke4 51.Bc7 Kf3 52.Bb8 Ba6 53.Bc7 Ne3 54.Kh2 Nf1+ 55.Kh3 Bc8+  0-1

[Event "7th Young Masters"]
[Site "Loures POR"]
[Date "1999.11.29"]
[Round "7"]
[White "Teran Alvarez,I"]
[Black "Conceicoa,P"]
[Result "1-0"]
[WhiteElo "2419"]
[BlackElo "2058"]

1.e4 c5 2.Nf3 Nc6 3.Nc3 g6 4.d4 cxd4 5.Nxd4 Bg7 6.Be3 d6 7.Qd2 Nf6 8.f3 O-O
9.O-O-O Bd7 10.g4 Qa5 11.Kb1 Rfc8 12.h4 Ne5 13.Be2 b5 14.Ncxb5 Qxd2 15.Rxd2 Rab8
16.Nxa7 Rc7 17.Nab5 Bxb5 18.Nxb5 Nxf3 19.Bxf3 Rxb5 20.Bd4 Rc4 21.c3 e5 22.Be2 Nxe4
23.Rc2 exd4 24.Bxc4 Rb6 25.cxd4 Bxd4 26.Ka1 Kg7 27.Rf1 f6 28.Rf4 f5 29.gxf5 gxf5
30.Rxf5 Nc5 31.Rg2+ Kh6 32.Bf7  1-0

[Event "Eu Team Ch"]
[Site "Batumi GEO"]
[Date "1999.12.01"]
[Round "3"]
[White "Lobzhanidze,D"]
[Black "Bawart,M"]
[Result "1/2-1/2"]
[WhiteElo "2444"]
[BlackElo "2382"]

1.e4 c5 2.Nf3 Nc6 3.Nc3 g6 4.d4 cxd4 5.Nxd4 Bg7 6.Nb3 Nf6 7.Be2 O-O 8.O-O a6
9.Re1 d6 10.Bf1 Bg4 11.f3 Be6 12.Bg5 h6 13.Bh4 g5 14.Bf2 Nd7 15.Rb1 Bxb3
16.axb3 Be5 17.Nd5 b5 18.Qd2 e6 19.Ne3 Nf6 20.c3 Qc7 21.h4 Qe7 22.hxg5 hxg5
23.Nd5 Nxd5 24.exd5 Bf4 25.Qe2 Nd8 26.g3 Be5 27.Bg2 Qf6 28.f4 gxf4 29.Qg4+ Qg7
30.Qxg7+ Kxg7 31.gxf4 Bxf4 32.dxe6 Nxe6 33.Bxa8 Rxa8 34.Be3 Be5 35.Kf2 f5
36.Rh1 f4 37.Bd2 Kf6 38.Rbg1 Kf5 39.Rh5+ Ke4 40.Rh3 Nc5 41.Re1+  1/2-1/2

[Event "Eu Team Ch"]
[Site "Batumi GEO"]
[Date "1999.12.02"]
[Round "4"]
[White "Kovalev,A"]
[Black "Georgiev,Vl"]
[Result "0-1"]
[WhiteElo "2400"]
[BlackElo "2519"]

1.e4 c5 2.Nf3 Nc6 3.Nc3 g6 4.d4 cxd4 5.Nxd4 Bg7 6.Nb3 Nf6 7.Be2 O-O 8.O-O d6
9.Kh1 a6 10.a4 Be6 11.f4 Bxb3 12.cxb3 e6 13.Bf3 Qe7 14.Re1 Nd7 15.Be3 Rfd8
16.Re2 Rac8 17.Rd2 Nc5 18.Rc1 Nb4 19.Bf2 b6 20.g3 Kh8 21.Kg2 f5 22.h4 e5
23.fxe5 dxe5 24.Bxc5 bxc5 25.Nd5 Qd6 26.g4 fxg4 27.Bxg4 Rb8 28.Rc3 Bh6 29.Re2 Bf4
30.Kh3 Nxd5 31.exd5 Rb4 32.Bf3 Rdb8 33.Re4 Rd4 34.Rd3 h5 35.Kg2 Qf6 36.Rexd4 cxd4
37.Qe1 Kg7 38.Be4 Be3 39.Qg3 Kh6 40.a5 Rg8 41.Rd1 Rf8 42.Rh1 Bd2 43.Kh3 Bf4
44.Qd3 Be3 45.Qc2 d3 46.Qc6 d2 47.Rd1 Qf7 48.Qxa6 Qg7 49.Qe6 Rf6 50.Qe8 Rf4
51.d6 Rxe4 52.Qe7 Rd4 53.a6 Rd3 54.Kg2 Qg8 55.Kf1 Qa8 56.Ke2 Rxb3 57.Rg1 d1=Q+
58.Kxd1 Qd5+  0-1

[Event "Eu Team Ch"]
[Site "Batumi GEO"]
[Date "1999.12.02"]
[Round "4"]
[White "Macieja,B"]
[Black "Istratescu,A"]
[Result "1/2-1/2"]
[WhiteElo "2542"]
[BlackElo "2570"]

1.e4 c5 2.Nc3 Nc6 3.Nf3 e5 4.Bc4 d6 5.d3 Be7 6.Nd2 Nf6 7.Nf1 Bg4 8.f3 Be6
9.Ne3 O-O 10.O-O Nd4 11.a4 h6 12.g3 Qd7 13.Kh1 Kh8 14.b3 Bd8 15.Bd2 Ba5 16.Ncd5 Bxd5
17.Nxd5 Nxd5 18.Bxd5 Bxd2 19.Qxd2 Nc6 20.f4 Ne7 21.Bc4 f6 22.Qf2 b6 23.Qf3 Rad8
24.Rae1 g6 25.Rf2 Kg7 26.Ref1 Qh3 27.fxe5 dxe5 28.g4 Qh4 29.Qg3 Qxg3 30.hxg3 Nc6
31.Kg2 Rd6 32.Kf3 a5 33.Ke3 g5 34.Kd2 Kg6 35.Kc3 Rd4 36.Rh1 Kg7 37.Be6 Nb4
38.Rfh2 Rh8 39.Kd2 Rd6 40.Bc4 Nc6 41.Ke3 Kg6 42.c3 Kg7 43.Bb5 Kg6 44.Bc4  1/2-1/2

[Event "ch-ARG Najdorf mem"]
[Site "Buenos Aires ARG"]
[Date "1999.12.02"]
[Round "11"]
[White "Dolezal,C"]
[Black "Zarnicki,P"]
[Result "1/2-1/2"]
[WhiteElo "2282"]
[BlackElo "2497"]

1.e4 c5 2.Nf3 Nc6 3.Nc3 d6 4.d4 cxd4 5.Nxd4 Nf6 6.Be2 g6 7.O-O Bg7 8.Be3 O-O
9.Qd2 Bd7 10.Rad1 Rc8 11.f4 a6 12.Nxc6 Bxc6 13.Bf3 Qc7 14.Rf2 b5 15.Nd5 Bxd5
16.exd5 Nd7 17.c3 Nb6 18.Qe1 a5 19.Kh1 Nc4 20.Bc1 Qb7 21.Re2 Rc7 22.Rd3 Ra8
23.h4 Nb6 24.h5 b4 25.hxg6 hxg6  1/2-1/2

[Event "Eu Team Ch"]
[Site "Batumi GEO"]
[Date "1999.12.05"]
[Round "6"]
[White "Movsesian,S"]
[Black "Kozul,Z"]
[Result "1-0"]
[WhiteElo "2659"]
[BlackElo "2612"]

1.e4 c5 2.Nf3 Nc6 3.Nc3 d6 4.d4 cxd4 5.Nxd4 Nf6 6.f3 e6 7.Be3 Qc7 8.Qd2 a6
9.O-O-O Ne5 10.g4 h6 11.h4 b5 12.Rg1 g6 13.Bd3 b4 14.Nce2 d5 15.exd5 Nxd5
16.f4 Nxd3+ 17.Qxd3 Nxe3 18.Qxe3 Bc5 19.f5 gxf5 20.Nf4 e5 21.Nh5 f4 22.Qe2 Kf8
23.Rge1 Be7 24.Nf5 Bxf5 25.gxf5 Bxh4 26.Qg2 Ke7 27.Qg7  1-0

[Event "Eu Team Ch (women)"]
[Site "Batumi GEO"]
[Date "1999.12.05"]
[Round "6"]
[White "Koskela,N"]
[Black "Babaeva,F"]
[Result "1/2-1/2"]
[WhiteElo "2237"]
[BlackElo "2133"]

1.e4 c5 2.Nf3 Nc6 3.Nc3 Nf6 4.Be2 e5 5.Bc4 Be7 6.d3 O-O 7.Nd2 d6 8.Nf1 Be6
9.Ne3 Nd4 10.O-O Nd7 11.a4 Kh8 12.Ncd5 Nb6 13.Nxb6 axb6 14.c3 Nc6 15.Bd2 Bg5
16.Qc2 Ne7 17.Qb3 Bxe3 18.fxe3 Bxc4 19.Qxc4 d5 20.exd5 Qxd5 21.Qxd5 Nxd5
22.e4 Ne7 23.Bg5 f6 24.Be3 Rfd8 25.Rfd1 Nc6 26.Kf2 Rd7 27.g4 h6 28.h4 Kg8
29.Ke2 Kf7 30.Rg1 Ke6 31.b3 Rad8 32.Rgd1 Ra8 33.Rab1 Ra7 34.Rd2 Ra8 35.Rf1 Rad8
36.Rfd1 Kf7 37.Ra1 Ra8 38.Rf1 Ke6 39.Kd1 Rad8 40.Kc2 Re8 41.Rf3 Rc8 42.Rdf2 Rcd8
43.Bd2 Rc8 44.g5 hxg5 45.hxg5 Rf8 46.Rg2 f5 47.exf5+ Rxf5 48.Rxf5 Kxf5 49.Rf2+ Kg6
50.Rf8 Rf7 51.Rxf7 Kxf7 52.b4 Ke6 53.Kb3 Kd5 54.Be3 g6 55.Bf2 Nd8 56.a5 bxa5
57.Bxc5 axb4 58.Kxb4 Ne6 59.c4+ Kc6 60.Be3 Nc7 61.Bc1 Ne6 62.Bd2 Nd8 63.Bc3 Nf7
64.Ka4 Kc5 65.Kb3 Kd6 66.Bd2 Kc6 67.Kb4 Nd8 68.Bc1 Nf7 69.Be3 Nd8 70.d4 exd4
71.Bxd4 Ne6 72.Be3 Nc7 73.Bc1 b5 74.cxb5+  1/2-1/2

[Event "Eu Team Ch"]
[Site "Batumi GEO"]
[Date "1999.12.06"]
[Round "7"]
[White "Lobzhanidze,D"]
[Black "Manik,M"]
[Result "1/2-1/2"]
[WhiteElo "2444"]
[BlackElo "2447"]

1.e4 c5 2.Nf3 Nc6 3.Nc3 d6 4.d4 cxd4 5.Nxd4 Nf6 6.Bg5 e6 7.Qd2 a6 8.O-O-O h6
9.Be3 Bd7 10.f3 b5 11.Nxc6 Bxc6 12.Qf2 b4 13.Ne2 Qc7 14.Kb1 d5 15.e5 Nd7
16.f4 Bb7 17.Nd4 Nc5 18.Bd3 Ne4 19.Qe2 g6 20.g4 g5 21.f5 Qxe5 22.Nxe6 fxe6
23.Bd4 Qxd4 24.Bb5+ axb5 25.Qxb5+ Kd8 26.Rxd4 Kc7 27.fxe6 Bc6 28.Qd3 Bc5
29.Rxd5 Rhd8 30.Qxe4 Bxd5 31.Qe5+ Kc6 32.Re1 Bxa2+ 33.Ka1 Bxe6+ 34.Kb1 Ba2+
35.Ka1 Bd4 36.Qe7 Bf7+ 37.Kb1 Re8 38.Qxb4 Ba2+ 39.Kc1 Rxe1+ 40.Qxe1 Bd5 41.Kb1 Ba2+
42.Kc1 Bd5 43.Qe7 Ra1+ 44.Kd2 Ra7 45.Qe8+ Rd7 46.c3 Bg1 47.Qc8+ Kd6 48.c4 Bb7
49.Qf8+ Kc7+ 50.Kc3 Bxh2 51.Qc5+ Kb8 52.b4 Bd6 53.Qf5 Bc8 54.c5 Rc7 55.Qd5 Bf4
56.Qd8 Kb7 57.Qd5+ Kb8 58.c6 Be3 59.Qb5+ Ka7 60.Qa5+ Kb8 61.b5 Ra7 62.Qd8 Rc7
63.Kd3 Bb6 64.Qf8 Rh7 65.Qe8 Rc7 66.Ke4 Ka7 67.Kf3 Bc5 68.Qe5 Kb6 69.Kg3 Bf8
70.Qd5 Bb4 71.Qe5 Ba5 72.Qd5  1/2-1/2

[Event "Open"]
[Site "Las Palmas ESP"]
[Date "1999.12.07"]
[Round "7"]
[White "Reinaldo Castineira,R"]
[Black "Pogorelov,R"]
[Result "1-0"]
[WhiteElo "2325"]
[BlackElo "2489"]

1.e4 c5 2.Nf3 Nc6 3.Nc3 g6 4.d4 cxd4 5.Nxd4 Bg7 6.Be3 Nf6 7.Bc4 O-O 8.Bb3 Qc7
9.f3 a6 10.Qd2 b5 11.O-O-O Bb7 12.g4 Na5 13.Bh6 Nxb3+ 14.axb3 Bxh6 15.Qxh6 Rac8
16.b4 d5 17.h4 Kh8 18.h5 Rg8 19.hxg6 Rxg6 20.Qd2 dxe4 21.g5 e3 22.Qxe3 Nd5
23.Nxd5 Bxd5 24.Rd2 f6 25.Rdh2 Bg8 26.Qe4 f5 27.Qxf5  1-0

[Event "FSIMA December"]
[Site "Budapest HUN"]
[Date "1999.12.10"]
[Round "7"]
[White "Philippe,C"]
[Black "Keatinge Clay,A"]
[Result "0-1"]
[WhiteElo "2260"]
[BlackElo "2278"]

1.e4 c5 2.Nf3 Nc6 3.Nc3 Nf6 4.Bb5 g6 5.e5 Nh5 6.d4 cxd4 7.Nxd4 Nxe5 8.Qe2 Nc6
9.Be3 a6 10.Nd5 Bg7 11.Nxc6 dxc6 12.Rd1 axb5 13.Nb6 Rxa2 14.Rxd8+ Kxd8 15.O-O Be6
16.Rd1+ Kc7 17.g4 Nf6 18.Bd4 Rd8 19.Qe5+ Rd6 20.Bc5 Ne8 21.Qg3 Bxb2 22.c4 bxc4
23.Nxc4 Bxc4 24.Bxd6+ exd6 25.Qe3 Be6 26.Rb1 Ra1 27.Rxa1 Bxa1 28.h3 Nf6 29.Qa3 Bd4
30.Qa5+ Bb6 31.Qg5 Bxf2+ 32.Kf1 Bc4+ 33.Kg2 Bd5+ 34.Kf1 Bd4 35.Qf4 Be5 36.Qh6 b5
37.Qf8 b4 38.Qe7+ Nd7 39.h4 b3 40.Qg5 b2  0-1